|
|
|
|
| LEADER |
00647nab a2200181 i 4500 |
| 001 |
acta56671 |
| 005 |
20260224081030.0 |
| 008 |
190122s2014 hu o 000 hun d |
| 022 |
|
|
|a 1787-4637
|
| 040 |
|
|
|a SZTE Egyetemi Kiadványok Repozitórium
|b hun
|
| 041 |
|
|
|a hun
|
| 100 |
1 |
|
|a Federmayer Éva
|
| 245 |
1 |
0 |
|a Guest editors' introduction
|h [elektronikus dokumentum] /
|c Federmayer Éva
|
| 260 |
|
|
|c 2014
|
| 490 |
0 |
|
|a Americana : E-Journal of American Studies in Hungary
|v 10
|
| 695 |
|
|
|a Amerikanisztika
|
| 700 |
0 |
1 |
|a Zipernovszky Kornél
|e aut
|
| 856 |
4 |
0 |
|u http://acta.bibl.u-szeged.hu/56671/2/americana_010_special_003/introduction.html
|z Dokumentum-elérés
|